| 000 | 00517pab a2200181 454500 | ||
|---|---|---|---|
| 008 | 180718b2003 xxu||||| |||| 00| 0 eng d | ||
| 100 | _aTaneja, Nisha, | ||
| 245 | _aIndia-Sri Lanka Trade: transacting environments in formal and informal trading | ||
| 260 | _c2003 | ||
| 300 | _ap.3094-098. | ||
| 362 | _a19 Jul | ||
| 650 | _aIndia - Commerce - Sri Lanka | ||
| 650 | _aFree trade | ||
| 700 | _aPohit, Sanjib | ||
| 700 | _aSarvanathan, Muttukrishna | ||
| 773 | _aEconomic and Political Weekly | ||
| 909 | _a57671 | ||
| 999 |
_c57671 _d57671 |
||